00762nam a2200193 a 450000100100000000500170001000800410002704000250006808200140009324501070010725000120021426000760022630000210030259000270032350000430035070000460039395201120043999900170055100004858920201002061247.0190401s2015 dr 001 0 spa d aDO-SdBNPbspacBNPHU axxxbxxxx00aI Sínodo arquidiocesano :bdocumento final, años 2008-2014 /cprefacio Valentín Reynoso Hidalgo. a2a. ed. aSanto Domingo, :bArquidiócesis de Santiago de los Caballeros,c2015. a205 p. ;c28 cm. aInventariado, 2019/ YL aIncluye índice analítico/números12aReynoso Hidalgo, Valentínepref.976042 0010718PDaPDbPDcCTd2019-04-01iLF1l0oxxx xxxxp48589-10r2020-06-25w2020-06-25yLFPDZNo se presta c48077d48077